दूर गेलेले घर (Record no. 323740)

MARC details
000 -LEADER
fixed length control field 00609nam a2200169Ia 4500
008 - FIXED-LENGTH DATA ELEMENTS--GENERAL INFORMATION
fixed length control field 090711s9999 xx 000 0 und d
082 ## - DEWEY DECIMAL CLASSIFICATION NUMBER
Item number 293
100 ## - MAIN ENTRY--PERSONAL NAME
Personal name तांबोळी लक्ष्मीकांत
245 ## - TITLE STATEMENT
Title दूर गेलेले घर
260 ## - PUBLICATION, DISTRIBUTION, ETC. (IMPRINT)
Name of publisher, distributor, etc प्रतिमा प्रकाशन
Date of publication, distribution, etc 1997
300 ## - PHYSICAL DESCRIPTION
Extent 154
600 ## - SUBJECT ADDED ENTRY--PERSONAL NAME
Personal name तांबोळी लक्ष्मीकांत
630 ## - SUBJECT ADDED ENTRY--UNIFORM TITLE
Uniform title दूर गेलेले घर
700 ## - ADDED ENTRY--PERSONAL NAME
Personal name तांबोळी लक्ष्मीकांत
730 ## - ADDED ENTRY--UNIFORM TITLE
Uniform title दूर गेलेले घर
942 ## - ADDED ENTRY ELEMENTS (KOHA)
Koha item type Book

No items available.